| 000 | 00664nam a2200241 a 4500 | ||
|---|---|---|---|
| 005 | 20210219153100.0 | ||
| 008 | 991125n 000 0 u | ||
| 035 | _aUPN01000076934 | ||
| 100 | _aYates, William T. | ||
| 222 | _aCHANGE | ||
| 245 | _aEquity management : Affirmative action for the 21st century | ||
| 300 | _a40-43 | ||
| 362 | _a25, No. 2, 1993 | ||
| 505 | _aSeptiembre 1993 | ||
| 653 | 0 | _aCOLEGIOS DE NEGROS | |
| 653 | 0 | _aEDUCACION EQUITATIVA | |
| 653 | 0 | _aMEDIDAS AFIRMATIVAS | |
| 653 | 0 | _aOPORTUNIDADES EQUITATIVAS (TRABAJOS) | |
| 653 | 0 | _aPUBLIC POLICY | |
| 653 | 0 | _aROL DE LA ESCUELA | |
| 904 |
_aAC _b014745 |
||
| 905 | _aArticulo | ||
| 999 |
_c67997 _d67997 |
||